000 00323nam a2200121 a 4500
008 100910s1965|||| d
100 1 _aDolď-Mychajlyk, Jurij
245 1 0 _aBarón Goldring sa vracia
260 _bVydavateľstvo politickej literatúry
_c1965
_aBratislava
020 _c18
044 _axo
_cSK
041 _aslo
999 _c10266
_d10266